Billie Eilish's Billboard Global 200 History - Statistics

General Stats
  • This quiz has been taken 9 times
  • The average score is 26 of 38
Answer Stats
Peak Position Song Weeks On Chart Debut Date % Correct
#54 bad guy 108 Sep 19th 2020
100%
#1 BIRDS OF A FEATHER 88 Jun 1st 2024
100%
#18 BLUE 9 Jun 1st 2024
100%
#82 everything i wanted 30 Sep 19th 2020
100%
#6 Happier Than Ever 91 Aug 14th 2021
100%
#2 What Was I Made For? 70 Jul 29th 2023
100%
#6 CHIHIRO 72 Jun 1st 2024
86%
#100 ocean eyes 32 Sep 19th 2020
86%
#20 THE GREATEST 6 Jun 1st 2024
86%
#25 TV 8 Aug 6th 2022
86%
#179 when the party's over 2 Nov 28th 2020
86%
#41 Billie Bossa Nova 2 Aug 14th 2021
71%
#26 BITTERSUITE 4 Jun 1st 2024
71%
#3 Guess 36 Aug 17th 2024
71%
#17 L'AMOUR DE MA VIE 13 Jun 1st 2024
71%
#15 Lost Cause 9 Jun 12th 2021
71%
#70 lovely 245 Sep 19th 2020
71%
#4 LUNCH 27 Jun 1st 2024
71%
#62 my future 6 Sep 19th 2020
71%
#166 No Time To Die 1 Oct 23rd 2021
71%
#39 Oxytocin 2 Aug 14th 2021
71%
#50 The 30th 1 Aug 6th 2022
71%
#23 THE DINER 5 Jun 1st 2024
71%
#2 Therefore I Am 31 Nov 28th 2020
71%
#11 WILDFLOWER 88 Jun 1st 2024
71%
#6 Your Power 11 May 15th 2021
71%
#35 Getting Older 2 Aug 14th 2021
57%
#63 Halley's Comet 1 Aug 14th 2021
57%
#81 Male Fantasy 1 Aug 14th 2021
57%
#20 NDA 6 Jul 24th 2021
57%
#16 SKINNY 5 Jun 1st 2024
57%
#75 Bored 7 Oct 9th 2021
43%
#45 I Didn't Change My Number 1 Aug 14th 2021
43%
#98 Overheated 1 Aug 14th 2021
43%
#111 Everybody Dies 1 Aug 14th 2021
29%
#78 GOLDWING 1 Aug 14th 2021
29%
#18 Lo Vas A Olvidar 3 Feb 6th 2021
29%
#125 Not My Responsibility 1 Aug 14th 2021
14%
No matching quizzes found
Score Distribution
Percent of People with Each Score
Percentile by Number Answered
Your Score History
You have not taken this quiz